[Event "75th ch-RUS 2022"]
[Site "Cheboksary RUS"]
[Date "2022.09.15"]
[Round "5.1"]
[White "Artemiev, Vladislav"]
[Black "Iljiushenok, Ilia"]
[Result "1/2-1/2"]
[WhiteTitle "GM"]
[BlackTitle "GM"]
[WhiteElo "2706"]
[BlackElo "2551"]
[WhiteFideId "24101605"]
[BlackFideId "24105074"]
[EventDate "2022.09.11"]

1. d4 Nf6 2. Nf3 d5 3. c4 e6 4. Nc3 c5 5. e3 a6 6. cxd5 exd5 7. Be2 Nc6 8. O-O
cxd4 9. exd4 Be7 10. Ne5 O-O 11. Bg5 Bf5 12. Rc1 Rc8 13. Na4 Nb4 14. Rxc8 Qxc8
15. Nc3 Rd8 16. Bf3 Nc6 17. Re1 Be6 18. h3 Qc7 19. a3 h6 20. Bh4 Nxe5 21. dxe5
Ne8 22. Bxe7 Qxe7 23. Qd4 Nc7 24. Rd1 Qd7 25. Qb4 Qc6 26. Ne2 Qb5 27. Qxb5 Nxb5
28. Nf4 Nc7 29. Rc1 Rd7 30. Kf1 Kf8 31. Nd3 Re7 32. Bg4 g6 33. f4 h5 34. Bf3 Nb5
35. Nb4 Rd7 36. Kf2 Nd4 37. Bd1 Ke7 38. g4 hxg4 39. hxg4 Kd8 40. Rc3 a5 41. Nd3
Rc7 42. Nc5 Ke7 43. Nxe6 Rxc3 44. bxc3 Nxe6 45. Ke3 f6 46. exf6+ Kxf6 47. Bb3
Nc7 48. g5+ Ke6 49. Bc2 Nb5 50. Bxg6 Nxa3 51. Bh7 Nb5 52. Bg8+ Kf5 53. Bxd5 Nxc3
54. Bxb7 a4 55. Bc8+ Kg6 56. Kd4 Nb5+ 57. Ke5 a3 58. Bf5+ Kg7 59. Bb1 Nc3 60.
Ba2 Nxa2 61. Kd4 Kg6 62. Kc4 Nc1 63. Kc3 Nd3 64. Kb3 Nxf4 65. Kxa3 Kxg5 1/2-1/2